Ekonomické parametre poľnohospodárskej výroby v regiónoch SR
Vývoj ekonomických parametrov poľnohospodárskej výroby v lepších a horších prírodných podmienkach. Využitie poľnohospodárskeho pôdneho fondu: 1. Zachovanie poľnohospodárskej výroby na celej ploche; 2. Rozvíjanie poľnohospodárskej výroby v oblastiach s lepšími prírodnými podmienkami. Ekonomické a fin...
Enregistré dans:
| Auteur principal: | |
|---|---|
| Format: | Chapitre de livre |
| Langue: | slovaque |
| Sujets: | |
| Tags: |
Pas de tags, Soyez le premier à ajouter un tag!
|
MARC
| LEADER | 00000naa a2200000 4500 | ||
|---|---|---|---|
| 001 | r035666 | ||
| 005 | 20230922111226.5 | ||
| 041 | 0 | |a slo | |
| 044 | |a CZ | ||
| 245 | 1 | 0 | |a Ekonomické parametre poľnohospodárskej výroby v regiónoch SR |c V. Ižáková |
| 520 | |a Vývoj ekonomických parametrov poľnohospodárskej výroby v lepších a horších prírodných podmienkach. Využitie poľnohospodárskeho pôdneho fondu: 1. Zachovanie poľnohospodárskej výroby na celej ploche; 2. Rozvíjanie poľnohospodárskej výroby v oblastiach s lepšími prírodnými podmienkami. Ekonomické a finančné ukazovatele poľnohospodárskej prvovýroby v SR. | ||
| 610 | 2 | 0 | |a výroba poľnohospodárska |
| 610 | 2 | 0 | |a Slovensko |
| 610 | 2 | 0 | |a regióny |
| 610 | 2 | 0 | |a regióny ekonomické |
| 610 | 2 | 0 | |a podmienky prírodné |
| 610 | 2 | 0 | |a fond pôdny |
| 610 | 2 | 0 | |a dotácie |
| 610 | 2 | 0 | |a politika poľnohospodárska |
| 100 | 1 | |a Ižáková, Viera | |